| 000 | 02153cad a22002415a 4500 | ||
|---|---|---|---|
| 001 | L144603 | ||
| 008 | 080730e20080714xxk f lf000 0 eng d | ||
| 035 | _a(Sirsi) u144603 | ||
| 041 | 0 | _aeng | |
| 050 | 0 | 4 | _a333.9164 $2 18 |
| 110 | 2 |
_aUnited Kingdom Parliament _bEnvironment, Food and Rural Affairs Committee _95580 |
|
| 245 | 0 | 0 |
_aDraft Marine Bill, Coastal Access Provisions _bninth report of session 2007-08 (volume I) _h[electronic resource] |
| 260 |
_aLondon _bUK Parliament _c2008 |
||
| 505 | 2 | _aBackground to the proposals: history; the government's vision; consideration of options; Natural England's advice to government; Defra's consultation and appraisal of options; what Part 9 of the Bill does -- Is new legislation the most appropriate method by which to create coastal access? -- The role of Natural England: discretion given to Natural England; Parliamentary scrutiny -- Appeal process -- Compensation -- Parks and gardens -- Cost -- Long-term maintenance -- Liability: reduced occupiers' liability; mapping of spreading room; spreading room; animals -- Dog management -- 'Higher rights' -- Conclusions and recommendations -- Formal minutes -- Witnesses -- Lists of written evidence -- Lists of unprinted evidence | |
| 520 | _aDiscusses pre-legislative scrutiny of the Draft Marine Bill (Coastal Access Provisions) and responds to the 74 written submissions provided during the call for evidence. Covers the need to balance public rights to access the coast with those of private landowners etc. | ||
| 520 | _aThe Marine and Coastal Access Bill has now gone before the House of Lords for the 2008/09 session. It can be viewed at http://services.parliament.uk/bills/2008-09/marineandcoastalaccess.html | ||
| 521 | _aAdvanced | ||
| 651 | 4 |
_aUnited Kingdom _y |
|
| 690 | _aPROPERTY-RURAL AND NATURAL ASSETS-RURAL AND NATURAL ASSET MANAGEMENT-COASTAL MANAGEMENT | ||
| 690 | _aPROPERTY-RURAL AND NATURAL ASSETS-RURAL AND NATURAL ASSET MANAGEMENT-COASTAL MANAGEMENT | ||
| 856 | 4 | 8 |
_uhttps://www.publications.parliament.uk/pa/cm200708/cmselect/cmenvfru/656/656.pdf _zView the report free of charge at www.parliament.uk... |
| 942 | _n0 | ||
| 999 |
_c108555 _d108555 |
||